000 00450pab a2200157 454500
008 180718b2004 xxu||||| |||| 00| 0 eng d
100 _aSidramshettar, S.C.
245 _aHealth status of women in Karnataka: problems and future needs
260 _c2004
300 _ap.48-54.
362 _aDec
650 _aWomens health services - India - Karnataka
650 _aWomens health services
773 _aJournal of Family Welfare
909 _a63990
999 _c63990
_d63990